|
|
|
|
| LEADER |
02002nam a2200529 4500 |
| 001 |
ocn844777652 |
| 003 |
OCoLC |
| 005 |
20170124070001.2 |
| 006 |
m o d |
| 007 |
cr cnu|||unuuu |
| 008 |
130528s2013 gw obd 000 0 eng d |
| 040 |
|
|
|a DG1
|b eng
|e rda
|c DG1
|d CUS
|d YDXCP
|d NOC
|d OCLCO
|d OCLCF
|d MEU
|d CNO
|d OCLCQ
|d GrThAP
|
| 020 |
|
|
|a 9783527671380
|q (electronic bk.)
|
| 020 |
|
|
|a 3527671382
|q (electronic bk.)
|
| 020 |
|
|
|z 9783527333073
|
| 029 |
1 |
|
|a AU@
|b 000051628862
|
| 029 |
1 |
|
|a CHBIS
|b 010026892
|
| 029 |
1 |
|
|a CHVBK
|b 306242346
|
| 029 |
1 |
|
|a GBVCP
|b 746955332
|
| 029 |
1 |
|
|a NLGGC
|b 389698598
|
| 029 |
1 |
|
|a NZ1
|b 15340143
|
| 035 |
|
|
|a (OCoLC)844777652
|
| 050 |
|
4 |
|a QD505
|b .C38 2013eb
|
| 082 |
0 |
4 |
|a 541.39503
|2 23
|
| 049 |
|
|
|a MAIN
|
| 245 |
0 |
0 |
|a Catalysis from A to Z /
|c edited by Boy Cornils, Wolfgang A. Herrmann and Horst-Werner Zanthoff.
|
| 250 |
|
|
|a Fourth, completely revised and enlarged edition.
|
| 264 |
|
1 |
|a Weinheim :
|b Wiley-VCH,
|c [2013]
|
| 264 |
|
4 |
|c ©2013
|
| 300 |
|
|
|a 1 online resource (2459 pages)
|
| 336 |
|
|
|a text
|b txt
|2 rdacontent
|
| 337 |
|
|
|a computer
|b c
|2 rdamedia
|
| 338 |
|
|
|a online resource
|b cr
|2 rdacarrier
|
| 546 |
|
|
|a Text in English.
|
| 504 |
|
|
|a Includes bibliographical references.
|
| 588 |
0 |
|
|a Online resource; title from PDF title page (Wiley; viewed on May 28, 2013).
|
| 505 |
0 |
|
|a V. 1. A to C -- v. 2. D to I -- v. 3. J to P -- v. 4. Q to Z.
|
| 650 |
|
0 |
|a Catalysis
|v Dictionaries.
|
| 650 |
|
7 |
|a Catalysis.
|2 fast
|0 (OCoLC)fst00848867
|
| 655 |
|
4 |
|a Electronic books.
|
| 655 |
|
7 |
|a Dictionaries.
|2 fast
|0 (OCoLC)fst01423826
|
| 700 |
1 |
|
|a Cornils, Boy,
|e editor.
|
| 700 |
1 |
|
|a Herrmann, W. A.
|q (Wolfgang A.),
|e editor.
|
| 700 |
1 |
|
|a Zanthoff, Horst-Werner,
|e editor.
|
| 776 |
0 |
8 |
|i Print version:
|t Catalysis from A to Z.
|b 4th, completely revised and enlarged ed.
|d Weinheim : WILEY-VCH, 2013
|z 9783527333073
|w (OCoLC)840564529
|
| 856 |
4 |
0 |
|u https://doi.org/10.1002/9783527671380
|z Full Text via HEAL-Link
|
| 994 |
|
|
|a 92
|b DG1
|